000 00351nam a22001337a 4500
008 170213b xxu||||| |||| 00| 0 eng d
020 _a9780323086530
041 _aeng
080 _25TH
_a61
100 _a4
101 _aSHM
245 _aTO ACCOMPANY THE HUMAN BODY IN HEALTH & DISEASE FOR ROSS MEDICAL EDUCATION CENTER
_cTHIBODEAU
942 _2udc
_cBK
999 _c5268
_d5268